Walt Disney Story of Our Friend the Atom (Record no. 20935)

MARC details
000 -LEADER
fixed length control field 00379nam a2200145Ia 4500
008 - FIXED-LENGTH DATA ELEMENTS--GENERAL INFORMATION
fixed length control field 211109s9999||||xx |||||||||||||| ||und||
082 ## - DEWEY DECIMAL CLASSIFICATION NUMBER
Classification number 539.6
Item number HAB-W
100 ## - MAIN ENTRY--PERSONAL NAME
Personal name Habeer, H
245 #0 - TITLE STATEMENT
Title Walt Disney Story of Our Friend the Atom
260 ## - PUBLICATION, DISTRIBUTION, ETC.
Name of publisher, distributor, etc. Dell
Place of publication, distribution, etc. New York
Date of publication, distribution, etc. 1956
300 ## - PHYSICAL DESCRIPTION
Extent 128p.
630 ## - SUBJECT ADDED ENTRY--UNIFORM TITLE
General subdivision General Stack
650 ## - SUBJECT ADDED ENTRY--TOPICAL TERM
Topical term or geographic name entry element MODERN PHYSICS
942 ## - ADDED ENTRY ELEMENTS (KOHA)
Koha item type BOOK
650 ## - SUBJECT ADDED ENTRY--TOPICAL TERM
Form subdivision Physics
General subdivision Physics
Holdings
Withdrawn status Lost status Damaged status Not for loan Home library Current library Date acquired Cost, normal purchase price Total Checkouts Full call number Barcode Shelving location Date last seen Price effective from Koha item type
        SB LIBRARY SB LIBRARY 09/11/2021 100.00   539.6 HAB-W 00021651 GENERAL STACK 09/11/2021 09/11/2021 BOOK

Powered by Koha